000 00592nab a2200181Ia 4500
003 ES-SlBCS
005 20210601125217.0
008 140529s1973 xxu||||| |||| 00| 0 eng d
041 _aeng
100 1 _aBlum, Lawrence
_9155374
245 0 0 _aAltruism and Women's Oppression
_c Lawrence Blum, Marcia Homiak, Judy Housman, Naomi Scheman
650 0 4 _aMujer-Opresión
_9155375
700 1 _aHomiak, Marcia
_9155376
700 1 _aHousman, Judy
_9155377
700 1 _aScheman, Naomi
_9151910
773 0 _tPhilosophical Forum (The)
_gvol. 5, nº. 1-2, 1973, págs. 222-247
_wRev833
942 _cAR
999 _c526543
_d526543